| 000 | 00487cam a2200193ua 4500 | ||
|---|---|---|---|
| 020 |
_a04-7092-076-8 _c125.00 |
||
| 041 |
_aeng _h |
||
| 082 |
_a630 _bSIN/EL |
||
| 100 | _aSinghal, O P. | ||
| 245 |
_aElements of agricultural engineering, Vol. 1 & 2 / _cO P Singhal. _hTextual Documents |
||
| 250 |
_a1 / _b. |
||
| 260 |
_aAllahabad : _bSaroj Prakashan , _c1997. |
||
| 300 | _a147 ; . | ||
| 362 | 0 | _a1- | |
| 365 | _a125.00 | ||
| 504 | _a | ||
| 942 | _cBK | ||
| 999 |
_c117 _d117 |
||